000
00255nam a2200109Ia 4500
008
190216s9999||||xx |||||||||||||| ||und||
100
_a
Kapoor A N
245
0
_a
Hand Book Of Commercial Correspondence
260
_b
Null
_c
1969
300
_a
342p
942
_c
BK
999
_c
3956
_d
3956